Informe Final. Vigilancia de variaciones climatológicas y bio-oceanográficas en la zona de Quintero, Chile (32º45'S) en relación al fenómeno El Niño
Guardat en:
| Autor corporatiu: | |
|---|---|
| Format: | Llibre |
| Idioma: | espanyol |
| Publicat: |
Valparaíso
Universidad de Valparaíso
1984
|
| Matèries: | |
| Etiquetes: |
Afegir etiqueta
Sense etiquetes, Sigues el primer a etiquetar aquest registre!
|
MARC
| LEADER | 00000nam a2200000 a 4500 | ||
|---|---|---|---|
| 001 | UCR4932 | ||
| 003 | CL-VaPUC | ||
| 005 | 20250102150038.0 | ||
| 008 | 980320e19840700CL |||||||||||||||||spa|d | ||
| 999 | |c 267714 |d 267712 | ||
| 040 | |c Pontificia Universidad Católica de Valparaíso | ||
| 082 | 0 | 4 | |a 551.475 UNI 1984 |2 21 |
| 110 | 2 | |a Universidad de Valparaíso |9 405519 | |
| 245 | 1 | 0 | |a Informe Final. Vigilancia de variaciones climatológicas y bio-oceanográficas en la zona de Quintero, Chile (32º45'S) en relación al fenómeno El Niño |
| 260 | |a Valparaíso |b Universidad de Valparaíso |c 1984 | ||
| 300 | |a 2 v | ||
| 583 | |a last modification |c 19980320 00:00:00 |k Rodrigo Vera | ||
| 650 | 0 | |a Oceanografía |9 260014 | |
| 650 | 7 | |a METEOROLOGIA |2 CL-VaPUC |9 260030 | |
| 650 | 0 | |a Fitoplancton |9 261810 | |
| 650 | 0 | |a Zooplancton |9 261816 | |
| 650 | 7 | |a ICTIOPLANCTON |2 CL-VaPUC |9 405520 | |
| 650 | 7 | |a AVES MARINAS |2 CL-VaPUC |9 405521 | |
| 651 | 7 | |a QUINTERO |2 CL-VaPUC |9 405522 |z CHILE | |
| 942 | |c BK |2 ddc | ||
| 945 | |d 19980320 00:00:00 |a crobeson | ||